Tín dụng và thẩm định tín dụng ngân hàng
Na minha lista:
| Autor principal: | |
|---|---|
| Formato: | Livro |
| Idioma: | Vietnamese |
| Publicado em: |
Tài chính
2013
|
| Tags: |
Adicionar Tag
Sem tags, seja o primeiro a adicionar uma tag!
|
| Thư viện lưu trữ: | Mạng thư viện Đại học Đà Nẵng |
|---|
| LEADER | 00647nam a2200253 4500 | ||
|---|---|---|---|
| 001 | 000020338 | ||
| 003 | 16783 | ||
| 005 | 20150316130303.0 | ||
| 008 | 150316s2013 viesd | ||
| 020 | |c 88000 | ||
| 041 | 0 | |a vie | |
| 082 | 1 | 4 | |a 332.7 |b NG-K |
| 100 | 1 | |a Nguyễn Minh Kiều | |
| 245 | 1 | 0 | |a Tín dụng và thẩm định tín dụng ngân hàng |c Nguyễn Minh Kiều |
| 260 | |b Tài chính |c 2013 | ||
| 300 | |a tr. |c cm. | ||
| OWN | |a LSP | ||
| 999 | |a From the UDN01 | ||
| TYP | |a Monograph | ||
| TYP | |a Printed language | ||
| 980 | |a Mạng thư viện Đại học Đà Nẵng | ||